[Event "TCh-RUS HL 2019"]
[Site "Sochi RUS"]
[Date "2019.05.04"]
[Round "4.3"]
[Board "1"]
[White "Zakhartsov, Vladimir"]
[Black "Gharagyozyan, Artur"]
[Result "1-0"]
[WhiteTitle "GM"]
[WhiteElo "2471"]
[BlackElo "2321"]
[WhiteTeam "Grandmaster Academy / Chess-trans"]
[BlackTeam "Alania (RNO-Alania)"]
[WhiteFideId "4145097"]
[BlackFideId "13303279"]
[EventDate "2019.05.01"]

1. d4 d5 2. c4 e6 3. Nf3 Nf6 4. g3 Bb4+ 5. Bd2 Be7 6. Bg2 O-O 7. O-O Ne4 8. Be3
c6 9. Nc3 f5 10. Qc1 Nd7 11. Rd1 Qe8 12. Ne5 Bd6 13. Nd3 Ndf6 14. Bf4 Bxf4 15.
Qxf4 g5 16. Qc1 Qh5 17. f3 Nd6 18. c5 Nf7 19. e4 fxe4 20. fxe4 e5 21. Rf1 Ng4
22. h3 exd4 23. hxg4 Bxg4 24. Nd1 Be2 25. N1f2 Bxf1 26. Qxf1 Rae8 27. exd5 Ne5
28. Nxe5 Rxe5 29. dxc6 Rxc5 30. cxb7 Rc2 31. Ng4 Qxg4 32. Qxf8+ Kxf8 33. b8=Q+
Kg7 34. Qe5+ Kh6 35. Qf6+ Kh5 36. Bf3 Rg2+ 37. Kxg2 Qxf3+ 38. Kxf3 h6 39. Rh1# 1-0

[Event "TCh-RUS HL 2019"]
[Site "Sochi RUS"]
[Date "2019.05.04"]
[Round "4.3"]
[Board "2"]
[White "Tenikashvili, Georgij"]
[Black "Golubev, Roman"]
[Result "1/2-1/2"]
[WhiteTitle "FM"]
[BlackTitle "IM"]
[WhiteElo "2361"]
[BlackElo "2378"]
[WhiteTeam "Alania (RNO-Alania)"]
[BlackTeam "Grandmaster Academy / Chess-trans"]
[WhiteFideId "4134605"]
[BlackFideId "14202344"]
[EventDate "2019.05.01"]

1. d4 Nf6 2. c4 c5 3. d5 b5 4. cxb5 a6 5. bxa6 g6 6. Nc3 Bg7 7. e4 O-O 8. Nf3
Qa5 9. Bd2 Bxa6 10. Bxa6 Qxa6 11. Qe2 e6 12. dxe6 fxe6 13. Bg5 Nc6 14. Qxa6 Rxa6
15. Rd1 Rb8 16. Rd2 d5 17. exd5 Nxd5 18. Nxd5 exd5 19. Rxd5 Nb4 20. Rd2 Rxa2 21.
Ke2 Rxb2 22. Rc1 Rc8 23. Rc4 Nd5 24. Rxb2 Bxb2 25. Nd2 Re8+ 26. Kf3 Bd4 27. Ne4
Rf8+ 28. Ke2 Nb6 29. Rc2 Nd7 30. Be3 Bxe3 31. fxe3 Rf5 32. Rd2 Nf6 33. Nxf6+
Rxf6 34. Rd5 Rc6 35. Kd3 Rc7 36. Kc4 Re7 37. Kxc5 Rxe3 38. Rd2 Kg7 39. Kd4 Re7
40. Kd3 Kf6 41. Re2 Rd7+ 42. Ke4 1/2-1/2

[Event "TCh-RUS HL 2019"]
[Site "Sochi RUS"]
[Date "2019.05.04"]
[Round "4.3"]
[Board "3"]
[White "Vdovin, Vadim"]
[Black "Nazaretyan, Tigran"]
[Result "0-1"]
[WhiteTitle "FM"]
[BlackTitle "FM"]
[WhiteElo "2361"]
[BlackElo "2309"]
[WhiteTeam "Grandmaster Academy / Chess-trans"]
[BlackTeam "Alania (RNO-Alania)"]
[WhiteFideId "24107158"]
[BlackFideId "24162345"]
[EventDate "2019.05.01"]

1. e4 c5 2. Nf3 Nc6 3. d4 cxd4 4. Nxd4 Nf6 5. Nc3 d6 6. Bg5 e6 7. Bb5 Bd7 8.
Bxc6 bxc6 9. Qf3 h6 10. Bh4 Rc8 11. O-O-O Be7 12. Nb3 g5 13. Bg3 e5 14. Qe2 Qb6
15. f3 Rb8 16. h4 Rg8 17. hxg5 hxg5 18. Rh6 Be6 19. Na4 Qb5 20. Qxb5 Rxb5 21.
Nc3 Rb7 22. Na5 Rc7 23. Rdh1 Nd7 24. Rh8 f6 25. Bf2 Rxh8 26. Rxh8+ Bf8 27. Rh7
Bg8 28. Rh8 Kf7 29. Rh1 Kg6 30. Rd1 Nb6 31. Nb3 Nc4 32. Nd2 Nb6 33. Nf1 Rd7 34.
Bxb6 axb6 35. Ne3 d5 36. exd5 Bc5 37. Rd3 Bxe3+ 38. Rxe3 cxd5 39. Na4 d4 40. Ra3
Rd6 41. c3 d3 42. Kd2 Kf5 43. b3 Kf4 44. Nb2 Kg3 45. Ra8 Be6 46. Rf8 Bd5 47. c4
Bc6 48. c5 bxc5 49. Nc4 Re6 50. Ne3 e4 51. Ng4 exf3 52. gxf3 Bxf3 53. Nxf6 Be2
54. Nd5 g4 55. a4 Bf3 56. Ne3 Rb6 57. Kc3 d2 58. Kxd2 Rxb3 59. Rc8 Ra3 60. Rxc5
Rxa4 61. Nxg4 Bxg4 62. Ke3 Ra3+ 63. Ke4 Bf3+ 64. Ke5 Rd3 65. Ra5 Kf2 66. Ra2+
Ke3 67. Ra5 Be4 68. Rb5 Rd8 69. Rb3+ Bd3 70. Ra3 Rh8 71. Ra1 Rh5+ 72. Kf6 Kf4
73. Ra4+ Be4 74. Rb4 Rh6+ 75. Kg7 Rd6 76. Kf7 Ke5 77. Rb5+ Bd5+ 78. Kg7 Kf5 79.
Rb1 Rg6+ 80. Kh7 Be4 81. Rb5+ Kf4 82. Kh8 Bf5 83. Rb7 Ke5 84. Rf7 Ke6 85. Rg7
Rh6+ 86. Kg8 Rh2 87. Ra7 Kf6 88. Rf7+ Kg5 89. Ra7 Bg6 90. Ra1 Kh6 91. Re1 Rd2
92. Rh1+ Bh5 93. Kf8 Re2 0-1

[Event "TCh-RUS HL 2019"]
[Site "Sochi RUS"]
[Date "2019.05.04"]
[Round "4.3"]
[Board "4"]
[White "Bykova, Anastasia"]
[Black "Gurtovoy, Kamo"]
[Result "0-1"]
[WhiteTitle "WFM"]
[WhiteElo "2201"]
[BlackElo "2278"]
[WhiteTeam "Alania (RNO-Alania)"]
[BlackTeam "Grandmaster Academy / Chess-trans"]
[WhiteFideId "4164970"]
[BlackFideId "4134060"]
[EventDate "2019.05.01"]

1. d4 Nf6 2. c4 g6 3. Nf3 Bg7 4. g3 c5 5. Bg2 O-O 6. O-O cxd4 7. Nxd4 d5 8. cxd5
Nxd5 9. Nb3 Nb4 10. Nc3 N8c6 11. Bg5 h6 12. Bd2 Bf5 13. a3 Bc2 14. Qc1 Bxb3 15.
axb4 Kh7 16. b5 Nd4 17. Bxb7 Rb8 18. Bg2 Rc8 19. Qb1 Nc2 20. Be3 Nxa1 21. Qxa1
Bd4 22. Bxd4 Qxd4 23. Qa3 Bc4 24. Qxe7 Rfe8 25. Qb7 Rb8 26. Qf3 Re7 27. Rd1 Qe5
28. e3 a6 29. Ne4 f5 30. Nd6 Bxb5 31. h4 h5 32. Rd4 Rd7 33. Nxb5 Qxb5 34. Bf1
Qb7 35. Rxd7+ Qxd7 36. Bxa6 Rxb2 37. Bf1 Rb1 38. Kg2 Qc7 39. Qd5 Kh6 40. Qd4 Kh7
41. Bc4 Qe7 42. Bd5 Rb8 43. Qc3 Rb5 44. Bg8+ Kxg8 45. Qc4+ Kh7 46. Qxb5 Qe4+ 47.
Kg1 Qe7 48. Qd5 Qc7 49. Kg2 Qe7 50. Kf3 Qc7 51. Qe6 Qb7+ 52. Kf4 Kh6 53. Qe5
Qb4+ 54. Qd4 Qb8+ 55. Kf3 Qb7+ 56. e4 Kh7 57. Kf4 fxe4 58. Qxe4 Qd7 59. Kf3 Qd1+
60. Kg2 Qd7 61. Qe3 Qb7+ 62. Kf1 Qb1+ 63. Ke2 Qb7 64. Kd3 Qf7 65. Kd4 Qd7+ 66.
Kc4 Qf7+ 67. Kb5 Qd7+ 68. Ka6 Qc8+ 69. Kb6 Qd8+ 70. Kc6 Qc8+ 71. Kb6 Qd8+ 72.
Ka6 Qc8+ 73. Ka5 Qb7 74. Qb6 Qd5+ 75. Ka6 Kh6 76. Qf6 Kh7 77. Kb6 Qd7 78. Kc5
Qc7+ 79. Kd5 Qd7+ 80. Ke5 Qb5+ 81. Ke6 Qb3+ 82. Ke7 Qb7+ 83. Kf8 Qb8+ 84. Kf7
Qb3+ 85. Ke8 Qb5+ 86. Kd8 Qb8+ 87. Ke7 Qb7+ 88. Ke8 Qb5+ 89. Kf7 Qb3+ 90. Qe6
Qf3+ 91. Ke8 Qxf2 92. Qe7+ Kh6 93. Qc7 Qf6 94. Qf4+ Kg7 95. Qxf6+ Kxf6 96. Kf8
Kf5 97. Kg7 g5 98. Kh6 gxh4 99. gxh4 Kg4 0-1

[Event "TCh-RUS HL 2019"]
[Site "Sochi RUS"]
[Date "2019.05.04"]
[Round "4.4"]
[Board "1"]
[White "Lugovskoy, Maxim"]
[Black "Grishchenko, Sergey1"]
[Result "1-0"]
[WhiteTitle "GM"]
[BlackTitle "IM"]
[WhiteElo "2445"]
[BlackElo "2415"]
[WhiteTeam "Sochi (Krasnodar Territory)"]
[BlackTeam "Metrum Group (Smolensk region)"]
[WhiteFideId "24126454"]
[BlackFideId "4136730"]
[EventDate "2019.05.01"]

1. e4 c6 2. d4 d5 3. exd5 cxd5 4. Bd3 Nc6 5. c3 Nf6 6. Ne2 e5 7. dxe5 Nxe5 8.
O-O Bd6 9. Bb5+ Bd7 10. Bxd7+ Qxd7 11. Bf4 O-O 12. Nd2 Rfe8 13. Nd4 Ne4 14. Bxe5
Rxe5 15. Nxe4 dxe4 16. Qe2 f5 17. Rad1 Rd8 18. Rd2 Rd5 19. g3 Be7 20. h4 g5 21.
Rfd1 gxh4 22. c4 Rd6 23. c5 Rd5 24. Qc4 Bg5 25. c6 Bxd2 1-0

[Event "TCh-RUS HL 2019"]
[Site "Sochi RUS"]
[Date "2019.05.04"]
[Round "4.4"]
[Board "2"]
[White "Potapov, Alexey"]
[Black "Oganian, Miran"]
[Result "0-1"]
[WhiteTitle "IM"]
[BlackTitle "IM"]
[WhiteElo "2370"]
[BlackElo "2415"]
[WhiteTeam "Metrum Group (Smolensk region)"]
[BlackTeam "Sochi (Krasnodar Territory)"]
[WhiteFideId "4182138"]
[BlackFideId "4122488"]
[EventDate "2019.05.01"]

1. Nf3 d5 2. c4 d4 3. g3 Nc6 4. d3 e5 5. Bg2 Nf6 6. O-O Nd7 7. e3 Be7 8. exd4
exd4 9. Re1 O-O 10. a3 a5 11. b3 Nc5 12. Ne5 Nxe5 13. Rxe5 c6 14. Ra2 Bd6 15.
Re1 Bf5 16. Bf1 Qf6 17. Qc2 Qg6 18. Rd1 Bg4 19. Be2 Bxe2 20. Qxe2 Nxb3 21. Nd2
Rfe8 22. Qf1 Nc5 23. Nf3 Na4 24. Rc2 Qg4 25. Kg2 Bc5 26. Re1 Qf5 27. Rce2 Rxe2
28. Qxe2 h6 29. Qc2 b5 30. Re5 Qc8 31. Bb2 Nxb2 32. Qxb2 Bd6 33. Re4 Qf8 34.
cxb5 Bxa3 35. Qb1 cxb5 36. Qxb5 Bb4 37. Nxd4 Qc5 38. Qxc5 Bxc5 39. Nb3 Bb4 40.
Rc4 Re8 41. Kf3 Re1 42. Rc8+ Kh7 43. Ra8 Rb1 44. Nd4 Rb2 45. Ra6 Ra2 46. Ne2 a4
47. d4 a3 48. Nc1 Rd2 49. Ke3 Rc2 50. Nd3 Bd2+ 51. Ke4 a2 52. Nc5 Bb4 53. Ke3
Rc3+ 54. Ke4 Ba3 0-1

[Event "TCh-RUS HL 2019"]
[Site "Sochi RUS"]
[Date "2019.05.04"]
[Round "4.4"]
[Board "3"]
[White "Zakaryan, David"]
[Black "Konaplev, Anton"]
[Result "1/2-1/2"]
[WhiteTitle "FM"]
[BlackTitle "FM"]
[WhiteElo "2350"]
[BlackElo "2314"]
[WhiteTeam "Sochi (Krasnodar Territory)"]
[BlackTeam "Metrum Group (Smolensk region)"]
[WhiteFideId "24101923"]
[BlackFideId "24165646"]
[EventDate "2019.05.01"]

1. c4 e6 2. Nf3 d5 3. g3 dxc4 4. Bg2 a6 5. a4 Nc6 6. b3 cxb3 7. Qxb3 Nf6 8. O-O
e5 9. Ng5 Qd7 10. Nc3 Na5 11. Qa2 Bd6 12. Nd5 Nxd5 13. Qxd5 Nc6 14. f4 exf4 15.
d4 h6 16. Ne4 Bb4 17. Qxd7+ Bxd7 18. Bb2 Ne7 19. gxf4 Bc6 20. f5 f6 21. Ng3 Bxg2
22. Kxg2 Kf7 23. e4 c5 24. dxc5 Bxc5 25. Nh5 Rhd8 26. Rad1 Bd6 27. Kh3 Nc6 28.
Rg1 Bf8 29. Nf4 Rxd1 30. Rxd1 Rd8 31. Rb1 b5 32. axb5 axb5 33. Rc1 Rc8 34. Ne6
Na7 35. Ra1 Nc6 36. Ra6 Be7 37. Rb6 b4 38. Nf4 Bd8 39. Rb7+ Rc7 40. Rb5 Ra7 41.
Nd5 Ba5 1/2-1/2

[Event "TCh-RUS HL 2019"]
[Site "Sochi RUS"]
[Date "2019.05.04"]
[Round "4.4"]
[Board "4"]
[White "Pogosian, Georgy"]
[Black "Utnasunov, Alexander"]
[Result "0-1"]
[WhiteTitle "FM"]
[WhiteElo "2088"]
[BlackElo "2437"]
[WhiteTeam "Metrum Group (Smolensk region)"]
[BlackTeam "Sochi (Krasnodar Territory)"]
[WhiteFideId "4119088"]
[BlackFideId "4134524"]
[EventDate "2019.05.01"]

1. d4 d5 2. Nf3 Nf6 3. c4 c6 4. Nc3 e6 5. e3 Nbd7 6. Qc2 Bd6 7. b3 O-O 8. Be2 b6
9. O-O Bb7 10. e4 e5 11. exd5 cxd5 12. Nxd5 Nxd5 13. cxd5 Bxd5 14. Bg5 Qe8 15.
dxe5 Nxe5 16. Nd4 Ng6 17. Nf5 Qe5 18. f4 Bc5+ 19. Kh1 Qe6 20. Bg4 Be4 21. Qd1 0-1

[Event "TCh-RUS HL 2019"]
[Site "Sochi RUS"]
[Date "2019.05.04"]
[Round "4.6"]
[Board "1"]
[White "Korneev, Oleg"]
[Black "Kardashevskiy, Evgeny"]
[Result "1/2-1/2"]
[WhiteTitle "GM"]
[BlackTitle "FM"]
[WhiteElo "2530"]
[BlackElo "2417"]
[WhiteTeam "KPRF (Moscow)"]
[BlackTeam "Altai Territory"]
[WhiteFideId "4156803"]
[BlackFideId "24108138"]
[EventDate "2019.05.01"]

1. e4 e5 2. Nf3 Nf6 3. d4 Nxe4 4. Bd3 d5 5. Nxe5 Nd7 6. Nxd7 Bxd7 7. O-O Bd6 8.
Nc3 Nxc3 9. bxc3 O-O 10. Qh5 f5 11. Re1 c6 12. Bg5 Qc7 13. Re3 g6 14. Qh4 Rae8
15. Rae1 Rxe3 16. Rxe3 Rf7 17. c4 b6 18. Re1 Qb8 19. h3 Qc7 20. Bf6 b5 21. c5
Bh2+ 22. Kf1 Qf4 23. Qxf4 Bxf4 24. Be5 Bxe5 25. Rxe5 Kf8 26. f4 Re7 27. Rxe7
Kxe7 28. c3 Kf6 29. Kf2 Bc8 30. Kf3 h6 31. h4 h5 32. a3 Bd7 33. Ke3 Ke7 34. Kf3
Kf6 35. Ke3 Ke7 36. Kf3 Kf6 37. Ke3 Ke7 38. Kf3 Kf6 39. Ke3 Ke7 40. Kf3 Kf6 1/2-1/2

[Event "TCh-RUS HL 2019"]
[Site "Sochi RUS"]
[Date "2019.05.04"]
[Round "4.6"]
[Board "2"]
[White "Boiarintsev, Vitaly"]
[Black "Kornev, Alexei"]
[Result "0-1"]
[WhiteTitle "FM"]
[BlackTitle "GM"]
[WhiteElo "2327"]
[BlackElo "2490"]
[WhiteTeam "Altai Territory"]
[BlackTeam "KPRF (Moscow)"]
[WhiteFideId "34128384"]
[BlackFideId "4120949"]
[EventDate "2019.05.01"]

1. Nf3 Nf6 2. d4 g6 3. Bf4 Bg7 4. e3 O-O 5. c3 d6 6. Nbd2 Nh5 7. Bg5 h6 8. Bh4
f5 9. Qb3+ Kh8 10. O-O-O Qe8 11. Ne1 e5 12. dxe5 dxe5 13. f3 Nc6 14. e4 Rb8 15.
Nc2 Be6 16. Qa4 a6 17. Ne3 b5 18. Qc2 b4 19. Bxa6 bxc3 20. bxc3 Na5 21. Nd5 Qc6
22. Nb4 Qb6 23. Bf1 Nf4 24. Nb3 Bxb3 25. axb3 c5 26. Bf2 Qe6 27. Qa2 cxb4 28.
Qxa5 Qxb3 29. Qa1 bxc3 30. Ba6 Ra8 31. Rhe1 Rxa6 32. Qb1 0-1

[Event "TCh-RUS HL 2019"]
[Site "Sochi RUS"]
[Date "2019.05.04"]
[Round "4.6"]
[Board "3"]
[White "Chernyshov, Konstantin"]
[Black "Slizunkov, Dmitry"]
[Result "1/2-1/2"]
[WhiteTitle "GM"]
[WhiteElo "2461"]
[BlackElo "2144"]
[WhiteTeam "KPRF (Moscow)"]
[BlackTeam "Altai Territory"]
[WhiteFideId "4117328"]
[BlackFideId "34185949"]
[EventDate "2019.05.01"]

1. d4 d5 2. Nf3 Nf6 3. g3 e6 4. Bg2 Be7 5. O-O O-O 6. b3 c5 7. Bb2 Nc6 8. e3 b6
9. Nbd2 Ba6 10. Re1 Rc8 11. a3 Qc7 12. dxc5 Bxc5 13. Bxf6 gxf6 14. e4 dxe4 15.
Nxe4 Be7 16. Nd4 Nxd4 17. Qxd4 f5 18. Nf6+ Bxf6 19. Qxf6 Qxc2 20. Qg5+ Kh8 21.
Qe7 Qc7 22. Qf6+ Kg8 23. Qg5+ Kh8 24. Qf6+ Kg8 25. Qg5+ Kh8 26. Qf6+ 1/2-1/2

[Event "TCh-RUS HL 2019"]
[Site "Sochi RUS"]
[Date "2019.05.04"]
[Round "4.6"]
[Board "4"]
[White "Guempel, Viktor"]
[Black "Yagupov, Igor"]
[Result "0-1"]
[WhiteTitle "FM"]
[BlackTitle "GM"]
[WhiteElo "2130"]
[BlackElo "2391"]
[WhiteTeam "Altai Territory"]
[BlackTeam "KPRF (Moscow)"]
[WhiteFideId "4148509"]
[BlackFideId "4113632"]
[EventDate "2019.05.01"]

1. c4 e6 2. Nc3 d5 3. d4 c6 4. e3 Nf6 5. Nf3 Nbd7 6. Qc2 Bd6 7. e4 Nxe4 8. Nxe4
dxe4 9. Qxe4 Bb4+ 10. Bd2 Bxd2+ 11. Nxd2 O-O 12. O-O-O c5 13. Bd3 Nf6 14. Qh4
Qxd4 15. Qg3 b6 16. Nf3 Qg4 17. Ne5 Qxg3 18. hxg3 h6 19. g4 Bb7 20. f4 Ne4 21.
Bxe4 Bxe4 22. Rd2 f6 23. Nf3 Rad8 24. Rhd1 Rxd2 25. Rxd2 Rf7 26. Rd8+ Kh7 27.
Rd6 Bxf3 28. gxf3 e5 29. f5 h5 30. gxh5 Kh6 31. Kd2 Kg5 32. Ke3 Kxf5 33. Rd8 Re7
34. Rd1 Kg5 35. Rh1 f5 36. b3 Rd7 37. Rh2 Re7 38. Rh1 Rd7 39. Rh2 f4+ 40. Ke2
Kh6 41. Rh1 Rf7 42. Kd3 Rf5 43. Ke4 Rxh5 44. Rd1 Rh2 45. Kxe5 Rxa2 46. Kxf4 g6
47. Rh1+ Kg7 48. Rd1 Rb2 49. Kg5 Rg2+ 50. Kf4 Kf6 51. Rd6+ Ke7 52. Rc6 Kd7 53.
Rf6 Ke7 54. Rc6 g5+ 55. Ke5 Re2+ 56. Kd5 Re3 57. Rg6 Rxf3 58. Rxg5 a5 59. Rg7+
Kf6 60. Rg8 Rd3+ 61. Kc6 Rxb3 62. Kd5 a4 63. Rf8+ Kg5 64. Ra8 a3 65. Ke5 Kg4 66.
Ke4 Kg3 67. Rg8+ Kf2 68. Rh8 Ke2 69. Rh2+ Kd1 70. Kd5 Rb2 71. Rh1+ Kc2 72. Ra1
Rb3 73. Kc6 Kb2 0-1

[Event "TCh-RUS HL 2019"]
[Site "Sochi RUS"]
[Date "2019.05.04"]
[Round "4.7"]
[Board "1"]
[White "Antonenko, Vladimir"]
[Black "Musalov, Ruslan"]
[Result "1-0"]
[WhiteTitle "FM"]
[BlackTitle "IM"]
[WhiteElo "2387"]
[BlackElo "2338"]
[WhiteTeam "NGTU-NETI (Novosibirsk region)"]
[BlackTeam "Dagestan"]
[WhiteFideId "24159409"]
[BlackFideId "4141490"]
[EventDate "2019.05.01"]

1. d4 d5 2. c4 dxc4 3. Nf3 Nf6 4. e3 e6 5. Bxc4 c5 6. O-O Nc6 7. Qe2 a6 8. Nc3
b5 9. Bb3 Be7 10. dxc5 Bxc5 11. e4 e5 12. Be3 Nd4 13. Bxd4 Bxd4 14. Nxd4 Qxd4
15. Rfd1 Bg4 16. Rxd4 Bxe2 17. Rd6 Ke7 18. Rxf6 Kxf6 19. Nxe2 Rhd8 20. Bd5 Rac8
21. Nc3 b4 22. Nd1 Rc5 23. b3 Kg5 24. Ne3 f5 25. f3 Rc3 26. Re1 f4 27. Nc4 Kf6
28. h4 g6 29. Ra1 g5 30. hxg5+ Kxg5 31. Nxe5 Kh4 32. Kh2 Re3 33. Nc6 Rf8 34.
Nxb4 Rf6 35. Bc4 Rh6 36. Nd5 1-0

[Event "TCh-RUS HL 2019"]
[Site "Sochi RUS"]
[Date "2019.05.04"]
[Round "4.7"]
[Board "2"]
[White "Tekeyev, Zaur"]
[Black "Bublei, Pavel"]
[Result "1/2-1/2"]
[WhiteTitle "FM"]
[BlackTitle "FM"]
[WhiteElo "2386"]
[BlackElo "2370"]
[WhiteTeam "Dagestan"]
[BlackTeam "NGTU-NETI (Novosibirsk region)"]
[WhiteFideId "4199731"]
[BlackFideId "24112593"]
[EventDate "2019.05.01"]

1. e4 c6 2. d4 d5 3. Nd2 dxe4 4. Nxe4 Nd7 5. Ng5 h6 6. Ne6 Qb6 7. Nxf8 Nxf8 8.
c3 Bf5 9. Nf3 Nf6 10. Ne5 Ng6 11. Nc4 Qd8 12. h4 h5 13. Bg5 Qc7 14. Ne3 Be4 15.
Bxf6 gxf6 16. Bd3 Bxd3 17. Qxd3 e6 18. g3 O-O-O 19. O-O-O f5 20. Kb1 f4 21. Nc4
Rd5 22. Qf3 Rf5 23. Nd2 fxg3 24. Qxg3 Rf4 25. Nf3 Rg4 26. Qxc7+ Kxc7 27. Kc2 f6
28. Rde1 Kd7 29. Re3 Nf4 30. Nd2 Rh6 31. Ne4 b6 32. Rf3 Ke7 33. Nd2 Ng2 34. Rfh3
Rhg6 35. a4 Nf4 36. Rf3 Ng2 37. Rfh3 Nf4 38. Rf3 Ng2 39. Rfh3 Nf4 1/2-1/2

[Event "TCh-RUS HL 2019"]
[Site "Sochi RUS"]
[Date "2019.05.04"]
[Round "4.10"]
[Board "1"]
[White "Papin, Vasily"]
[Black "Pogorelskikh, Sergey"]
[Result "1/2-1/2"]
[WhiteTitle "GM"]
[BlackTitle "FM"]
[WhiteElo "2468"]
[BlackElo "2296"]
[WhiteTeam "Law Faculty of Moscow State University (Moscow)"]
[BlackTeam "Volga (Samara region)"]
[WhiteFideId "4143183"]
[BlackFideId "4187024"]
[EventDate "2019.05.01"]

1. c4 Nf6 2. Nc3 g6 3. g3 d5 4. cxd5 Nxd5 5. Bg2 Nb6 6. d3 Bg7 7. Be3 O-O 8. Qd2
Nc6 9. Nf3 e5 10. Bh6 Nd4 11. Bxg7 Nxf3+ 12. Bxf3 Kxg7 13. h4 h6 14. h5 g5 15.
Bg2 c6 16. O-O-O Be6 17. f4 f6 18. Kb1 Nd5 19. fxe5 fxe5 20. d4 exd4 21. Nxd5
Bxd5 22. Qxd4+ Qf6 23. Bxd5 Qxd4 24. Rxd4 cxd5 25. Rxd5 Rae8 26. Rh2 Re3 27. Rg2
Rf1+ 28. Kc2 Kf6 29. g4 Ke6 30. Rd8 Re4 31. Rh8 Rf6 32. Kd3 Rb4 33. b3 Ke5 34.
e3 a5 35. Re8+ Re6 36. Rxe6+ Kxe6 37. Ke2 a4 38. bxa4 Rxa4 39. Kf3 b5 40. Rb2 b4
41. Rd2 Ke5 42. Rd4 Rxa2 43. Rxb4 Ra6 44. Rb5+ Ke6 45. Rb7 Ke5 46. Re7+ Kf6 47.
Rh7 Ke5 48. Rg7 Rf6+ 49. Kg3 Ra6 50. Kf3 Rf6+ 51. Ke2 Ra6 52. Re7+ Kf6 53. Rc7
Ke5 54. Rc8 Ra2+ 55. Kf3 Ra6 56. Re8+ Kf6 57. Rf8+ Ke5 58. Rf5+ Ke6 59. Rc5 Kd6
60. Rb5 Ke6 61. Rf5 Ra1 62. Rc5 Ra6 63. Ke2 Rd6 64. Ra5 Kf6 65. Kf3 Rb6 66. Rd5
Ke6 67. Ke4 Rb4+ 68. Rd4 Rb1 69. Ra4 Rb6 70. Ra7 Rb4+ 71. Kf3 Rb6 72. Rg7 Ke5
73. Rg6 Rxg6 74. hxg6 Kf6 75. Ke4 Kxg6 76. Kd5 h5 77. gxh5+ Kh6 78. e4 g4 79. e5
g3 80. e6 g2 81. e7 g1=Q 82. e8=Q Qd1+ 83. Ke6 Qe2+ 84. Kd7 Qxe8+ 85. Kxe8 Kxh5 1/2-1/2

[Event "TCh-RUS HL 2019"]
[Site "Sochi RUS"]
[Date "2019.05.04"]
[Round "4.10"]
[Board "2"]
[White "Pogorelskikh, Sofia"]
[Black "Bogachkova, Alena"]
[Result "1-0"]
[BlackTitle "WFM"]
[WhiteElo "2131"]
[BlackElo "2141"]
[WhiteTeam "Volga (Samara region)"]
[BlackTeam "Law Faculty of Moscow State University (Moscow)"]
[WhiteFideId "44164548"]
[BlackFideId "24166251"]
[EventDate "2019.05.01"]

1. e4 e6 2. d4 d5 3. Nc3 Bb4 4. e5 c5 5. a3 Bxc3+ 6. bxc3 Qa5 7. Bd2 Qa4 8. Qb1
c4 9. Ne2 Nc6 10. Nf4 Bd7 11. g3 O-O-O 12. Bh3 Nge7 13. Nh5 Rhg8 14. O-O Kb8 15.
Qb2 Rdf8 16. Rab1 b6 17. Rbe1 Be8 18. Kh1 Ka8 19. g4 Nd8 20. Bg5 Ndc6 21. f4 h6
22. Bh4 g5 23. fxg5 hxg5 24. Bf2 Rg6 25. Be3 Nd8 26. Qc1 Rfg8 27. Rf6 Qa5 28.
Rxg6 fxg6 29. Nf6 Rh8 30. Qb2 Rxh3 31. Nxe8 Nec6 32. Kg2 Rh8 33. Nd6 Rf8 34. Rf1
Rxf1 35. Kxf1 Nb7 36. Qb5 Qxb5 37. Nxb5 Kb8 38. Bxg5 Kc8 39. Bf4 Kd7 40. Kg2 a6
41. Nd6 Nxd6 42. exd6 Ke8 43. h4 Nb8 44. Kf3 Kf7 45. Be5 Nd7 46. Kf4 Kg8 47. Kg5
Kh7 48. Bg3 Kg7 49. Bf4 Kh7 50. Be5 b5 51. Bg3 Kg7 52. Bf4 Kf7 53. h5 gxh5 54.
gxh5 Nf6 55. h6 Nh7+ 56. Kh4 Nf8 57. Kh5 Kg8 58. Be5 Kh7 59. Kg5 Nd7 60. Bf4 a5
61. Bg3 Nf8 62. Kf6 Kxh6 63. Ke7 Kg7 64. Be5+ Kg8 65. Ke8 a4 66. Bh2 Kg7 67. Bg3
Kg8 68. Be5 1-0

[Event "TCh-RUS HL 2019"]
[Site "Sochi RUS"]
[Date "2019.05.04"]
[Round "4.10"]
[Board "3"]
[White "Mamedov, Elmin"]
[Black "Gutkovich, Polina"]
[Result "1/2-1/2"]
[WhiteElo "2210"]
[BlackElo "1980"]
[WhiteTeam "Law Faculty of Moscow State University (Moscow)"]
[BlackTeam "Volga (Samara region)"]
[WhiteFideId "24117331"]
[BlackFideId "34111597"]
[EventDate "2019.05.01"]

1. b3 d5 2. Bb2 e6 3. e3 Nf6 4. Nf3 Be7 5. Be2 O-O 6. O-O Nbd7 7. c4 b6 8. Na3
Bb7 9. Nc2 c5 10. cxd5 Nxd5 11. d4 Rc8 12. Qd2 cxd4 13. exd4 Qc7 14. Rfc1 Qb8
15. Nce1 Bb4 16. Qg5 h6 17. Qg3 Nf4 18. Bf1 Bd6 19. Qh4 Ng6 20. Qh3 Nf4 21. Qh4
Ng6 22. Qh3 Nf4 23. Qh4 Ng6 24. Qh3 1/2-1/2

[Event "TCh-RUS HL 2019"]
[Site "Sochi RUS"]
[Date "2019.05.04"]
[Round "4.10"]
[Board "4"]
[White "Leolko, Ludmila"]
[Black "Utiatskaja, Irina"]
[Result "0-1"]
[BlackTitle "WIM"]
[WhiteElo "1872"]
[BlackElo "2213"]
[WhiteTeam "Volga (Samara region)"]
[BlackTeam "Law Faculty of Moscow State University (Moscow)"]
[WhiteFideId "24179060"]
[BlackFideId "24140848"]
[EventDate "2019.05.01"]

1. e4 c5 2. Nf3 e6 3. d4 cxd4 4. Nxd4 Nc6 5. c3 Qc7 6. Be3 Nf6 7. Nd2 a6 8. f4
d6 9. Be2 Be7 10. Bf3 e5 11. Nxc6 Qxc6 12. O-O Qc7 13. Qe2 O-O 14. a4 exf4 15.
Bxf4 Be6 16. c4 Nd7 17. b3 Bf6 18. Rac1 Bd4+ 19. Kh1 Ne5 20. Be3 Qb6 21. Rfe1
Rab8 22. Bxd4 Qxd4 23. Qe3 Qc5 24. Qc3 Rfc8 25. Red1 h6 26. Nf1 b5 27. Qa5 bxc4
28. Qxc5 dxc5 29. bxc4 Nxc4 30. Be2 Rb4 31. a5 Kf8 32. Rc3 Nxa5 33. Ra1 Nb3 34.
Rxa6 Rxe4 35. Ng3 Rb4 36. Kg1 Nd4 37. Ra5 Rb2 38. Ba6 Ra8 39. h3 Rb3 40. Ne4
Rxc3 41. Nxc3 Bc8 42. Rxc5 Bxa6 43. Nd5 Ne6 0-1

[Event "TCh-RUS HL 2019"]
[Site "Sochi RUS"]
[Date "2019.05.05"]
[Round "5.1"]
[Board "1"]
[White "Goryachkina, Aleksandra"]
[Black "Lugovskoy, Maxim"]
[Result "1-0"]
[WhiteTitle "GM"]
[BlackTitle "GM"]
[WhiteElo "2522"]
[BlackElo "2445"]
[WhiteTeam "Yamal (YaNAO)"]
[BlackTeam "Sochi (Krasnodar Territory)"]
[WhiteFideId "4147103"]
[BlackFideId "24126454"]
[EventDate "2019.05.01"]

1. d4 e6 2. c4 Nf6 3. Nc3 d5 4. cxd5 exd5 5. Bg5 c6 6. e3 Be7 7. Bd3 Nbd7 8. Qc2
Nh5 9. Bxe7 Qxe7 10. Nge2 g6 11. O-O Ndf6 12. Rab1 a5 13. a3 O-O 14. Na4 Qc7 15.
h3 Ng7 16. b4 axb4 17. axb4 Bf5 18. Bxf5 Nxf5 19. b5 Nd6 20. bxc6 Qxc6 21. Qxc6
bxc6 22. Nb6 Ra2 23. Nc3 Rc2 24. Rfc1 Rxc1+ 25. Rxc1 Nf5 26. Na2 Ne7 27. Nb4 Rb8
28. Nxc6 Rxb6 29. Nxe7+ Kf8 30. Nc6 Nd7 31. Rc2 f6 32. Kh2 Kf7 33. Na5 Ke7 34.
Rc7 Kd8 35. Rc3 Ke7 36. g4 g5 37. Nc6+ Kd6 38. Na7 Ra6 39. Nc8+ Ke6 40. Rc7 Ra2
41. Kg2 Ra6 42. Kg3 Ra3 43. Rc6+ Kf7 44. Rd6 Nf8 45. Rxd5 Ra8 46. Nb6 Ra1 47.
Nc4 Ng6 48. Ra5 Rg1+ 49. Kh2 Rf1 50. Kg2 Rc1 51. Nd6+ 1-0